Religiosidad y secularización (o un estado de indecisión ante Dios) / (Record no. 170126)

MARC details
000 -LEADER
campo de control de longitud fija 00967nam a22002535i 4500
001 - NÚMERO DE CONTROL
campo de control 170126
003 - IDENTIFICADOR DE NÚMERO DE CONTROL
campo de control ES-MaACL
005 - FECHA Y HORA DE LA ÚLTIMA TRANSACCIÓN
campo de control 20250814234932.0
008 - DATOS DE LONGITUD FIJA--INFORMACIÓN GENERAL
campo de control de longitud fija 090204s1986 cl |||| | spa d
080 ## - NÚMERO DE LA CLASIFICACIÓN DECIMAL UNIVERSAL
Número de la Clasificación Decimal Universal 348
080 ## - NÚMERO DE LA CLASIFICACIÓN DECIMAL UNIVERSAL
Número de la Clasificación Decimal Universal 27-74
100 0# - ENTRADA PRINCIPAL--NOMBRE DE PERSONA
Nombre de persona Squella Narducci, Agustín.
9 (RLIN) 107821
245 10 - MENCIÓN DEL TÍTULO
Título Religiosidad y secularización (o un estado de indecisión ante Dios) /
Mención de responsabilidad, etc. Agustín Squella Narducci ; discurso de recepción, Manuel de Rivacoba y Rivacoba.
260 ## - PUBLICACIÓN, DISTRIBUCIÓN, ETC.
Lugar de publicación, distribución, etc. Santiago de Chile :
Nombre del editor, distribuidor, etc. Academia Chilena de Ciencias Sociales,
Fecha de publicación, distribución, etc. imp. 1986.
300 ## - DESCRIPCIÓN FÍSICA
Extensión 54 p. ;
Dimensiones 27 cm.
650 17 - PUNTO DE ACCESO ADICIONAL DE MATERIA--TÉRMINO DE MATERIA
Término de materia o nombre geográfico como elemento de entrada Derecho canónico
Fuente del encabezamiento o término embne
9 (RLIN) 11655
650 14 - PUNTO DE ACCESO ADICIONAL DE MATERIA--TÉRMINO DE MATERIA
Término de materia o nombre geográfico como elemento de entrada Religiosidad.
9 (RLIN) 16828
700 1# - ENTRADA AGREGADA--NOMBRE PERSONAL
Nombre de persona Rivacoba y Rivacoba, Manuel de.
9 (RLIN) 97535
710 2# - ENTRADA AGREGADA--NOMBRE DE ENTIDAD CORPORATIVA
Nombre de entidad corporativa o nombre de jurisdicción como elemento de entrada Academia Chilena de Ciencias Sociales, Políticas y Morales
9 (RLIN) 1153
740 32 - ENTRADA AGREGADA--TÍTULO RELACIONADO/ANALÍTICO NO CONTROLADO
Título relacionado o analítico no controlado Un estado de indecisión ante Dios.
852 ## - LOCALIZACIÓN
Ubicación ES-MaACL
Número de control de estantería 2240-F-18
itemnumber R.114743
852 ## - LOCALIZACIÓN
Ubicación ES-MaACL
Número de control de estantería 2289-F-15
Holdings
Estatus retirado Estado de pérdida Estado de daño No para préstamo Colección Biblioteca de origen Biblioteca actual Ubicación en estantería Fecha de adquisición Fuente de adquisición Total de préstamos Signatura topográfica completa Código de barras Visto por última vez Precio de reemplazo Tipo de ítem Koha
        Colección de folletos Biblioteca del Ateneo de Madrid Biblioteca del Ateneo de Madrid Depósito folletos 04/02/2009     2240-F-18 1178610 23/02/2023 23/02/2023 Folleto
        Colección de folletos Biblioteca del Ateneo de Madrid Biblioteca del Ateneo de Madrid Depósito folletos 09/05/2011     2289-F-15 1186900 23/02/2023 23/02/2023 Folleto